LEADER 01781nas a2200265 i 4500 001 000000141591 003 CaOOAMICUS 005 20070924000000.0 008 050722b2005 it uu s u0 0mul r 013 $a116243 040 $aSeMil$bita 245 10$aGiotto nella Cappella Scrovegni, materiali per la tecnica pittorica :$bstudi e ricerche dell'Istituto Centrale per il Restauro /$cMinistero per i Beni e le Attivitą Culturali. 246 01$aGiotto in the Scrovegni Chapel, materials used in the painting tecnique : studies and research by Istituto Centrale per il Restauro 260 $aRoma :$bIstituto Poligrafico e Zecca dello Stato,$c[2005] 500 $aAllegato in coda al Volume speciale 2005. 700 1 $aBasile, Giuseppe.$0(OLS)http://semarc/name/49392 700 1 $aItalia : Ministero per i Beni e le Attivitą Culturali : Istituto Centrale per il Restauro.$0(OLS)http://semarc/name/51536 700 1 $aPadova : Direzione Musei Civici e Cappella degli Scrovegni.$0(OLS)http://semarc/name/56909 773 0 $tBollettino d'Arte.$dRoma : Istituto Poligrafico e Zecca dello Stato, 1979.$x0394-4573$w()2001 850 $aSeMil 852 $aSeMil$W1$xVenegono$y1$m36BIS 4 50/A CD$j94811$B94811$CSeMilBibl$Z2$F126775 $85 961 $aOmaggio: Istituto Poligrafico, Libreria dello Stato 996 $6245$aGiotto nella Cappella Scrovegni, materiali per la tecnica pittorica :$bstudi e ricerche dell'Istituto Centrale per il Restauro$9(OLS)http://semarc/title/206912 996 $6246$aGiotto in the Scrovegni Chapel, materials used in the painting tecnique : studies and research by Istituto Centrale per il Restauro$9(OLS)http://semarc/title/206891 996 $6260$aRoma :$bIstituto Poligrafico e Zecca dello Stato$9(OLS)http://semarc/publisher/30501 LEADER 01684nam a2200193 i 4500 001 000000254689 003 CaOOAMICUS 005 20170614000000.0 008 170614s1730 it u000 u ita u 013 $a233594 026 $atoel 6463 8483 volo (3) 1730 (R) 040 $aSeMil$bita 245 10$aCronologia ecclesiastica del Reverendo Padre F. Onofrio Panvinio .. Tradotta nuovamente dalla lingua Latina nell'Italiana, e supplita, e ampliata dal 1566 sin'all'anno 1606 dal R. M. Bartolomeo Dionigi da Fano e dall'anno 1606 ... da D. Lauro Testa, D. Domenico Belli e D. Francesco Tomasucci .. 300 $a271, [1] p. 500 $aSegn.: A-R8. 773 0 $aPlatina $tVite de' pontefici di Bartolomeo Platina cremonese, dal Salvator Nostro fino a Benedetto 13. da Onofrio Panvinio ... [et al.]. Con le annotazioni del Panvinio, e con la Cronologia ecclesiastica dello stesso, ampliata da Bartolomeo Dionigi ... e da altri fino all'anno 1730. Aggiuntavi anco in quest'ultima impressione la vita del Platina scritta diffusamente dal sig. Nicol'Angelo Caferri romano, con i nomi, cognomi, e patrie di tutti li cardinali, e tre copiose tavole; una de' papi, ..$dIn Venezia : Presso Girolamo Savioni, 1730.$g3$w()4269 850 $aSeMil 852 $aSeMil$W1$xVenegono$y1$m3C IV 165 FA$j205035$B205035$CSeMilBibl$Z2$F218559 $8I 996 $6245$aCronologia ecclesiastica del Reverendo Padre F. Onofrio Panvinio .. Tradotta nuovamente dalla lingua Latina nell'Italiana, e supplita, e ampliata dal 1566 sin'all'anno 1606 dal R. M. Bartolomeo Dionigi da Fano e dall'anno 1606 ... da D. Lauro Testa, D. Domenico Belli e D. Francesco Tomasucci ..$9(OLS)http://semarc/title/411082